| 000 | 00645nam a2200145 a 4500 | ||
|---|---|---|---|
| 008 | 120416s1990 ||||||||||||||||| || u | ||
| 020 | _a0333473833 | ||
| 050 | _aHF 5438.4 Don | ||
| 100 | _aDonaldson, Bill | ||
| 245 | 1 | 0 | _aSales management theory and practice |
| 260 |
_aLondon _bMcMillan _c1990 |
||
| 350 | _a0.00 | ||
| 995 |
_aTEXTBOOKS (SB) _D0.00 _e1627 _FCBU-SCHOOL TEXTBOOK COLLECTIONS _H1 _I0.00 _jSCHOOL TEXTBOOK _M1 _UAVAILABLE _WSep 18, 2009 _y1627 _ZSchool Collections |
||
| 995 |
_aMAIN LIBRARY OPEN ACCESS _D0.00 _e730598 _FCBU-MAIN LIBRARY (Kitwe) _H1 _I25.00 _jHF 5438.4 Don _M1 _UAVAILABLE _WApr 26, 2006 _y027455 _ZMain Library Open Access Collection |
||
| 999 |
_c80310 _d80310 |
||